Introduction to Contact Mechanics

Introduction to Contact Mechanics, Second Edition is a gentle introduction to the mechanics of solid bodies in contact for graduate students, post doctoral individuals, and the beginning researcher. This second edition maintains the introductory character of the first with a focus on materials scien...

Full description

Main Author: Fischer-Cripps, Anthony C. (Author, http://id.loc.gov/vocabulary/relators/aut)
Corporate Author: SpringerLink (Online service)
Language:English
Published: New York, NY : Springer US : Imprint: Springer, 2007.
Edition:2nd ed. 2007.
Series:Mechanical Engineering Series,
Subjects:
Online Access:https://doi.org/10.1007/978-0-387-68188-7
LEADER 03859nam a22005655i 4500
001 978-0-387-68188-7
003 DE-He213
005 20210615164655.0
007 cr nn 008mamaa
008 100301s2007 xxu| s |||| 0|eng d
020 |a 9780387681887  |9 978-0-387-68188-7 
024 7 |a 10.1007/978-0-387-68188-7  |2 doi 
050 4 |a TA349-359 
072 7 |a TGMD  |2 bicssc 
072 7 |a TEC009070  |2 bisacsh 
072 7 |a TGMD  |2 thema 
082 0 4 |a 620.1  |2 23 
100 1 |a Fischer-Cripps, Anthony C.  |e author.  |4 aut  |4 http://id.loc.gov/vocabulary/relators/aut 
245 1 0 |a Introduction to Contact Mechanics  |h [electronic resource] /  |c by Anthony C. Fischer-Cripps. 
250 |a 2nd ed. 2007. 
264 1 |a New York, NY :  |b Springer US :  |b Imprint: Springer,  |c 2007. 
300 |a XXII, 226 p.  |b online resource. 
336 |a text  |b txt  |2 rdacontent 
337 |a computer  |b c  |2 rdamedia 
338 |a online resource  |b cr  |2 rdacarrier 
347 |a text file  |b PDF  |2 rda 
490 1 |a Mechanical Engineering Series,  |x 0941-5122 
505 0 |a Mechanical Properties of Materials -- Linear Elastic Fracture Mechanics -- Delayed Fracture in Brittle Solids -- Statistics of Brittle Fracture -- Elastic Indentation Stress Fields -- Elastic Contact -- Hertzian Fracture -- Elastic-Plastic Indentation Stress Fields -- Hardness -- Elastic and Elastic-Plastic Contact -- Depth-Sensing Indentation Testing -- Indentation Test Methods. 
520 |a Introduction to Contact Mechanics, Second Edition is a gentle introduction to the mechanics of solid bodies in contact for graduate students, post doctoral individuals, and the beginning researcher. This second edition maintains the introductory character of the first with a focus on materials science as distinct from straight solid mechanics theory. Every chapter has been updated to make the book easier to read and more informative. A new chapter on depth sensing indentation has been added, and the contents of the other chapters have been completely overhauled with added figures, formulae and explanations. The author begins with an introduction to the mechanical properties of materials, general fracture mechanics and the fracture of brittle solids. This is followed by a detailed description of indentation stress fields for both elastic and elastic-plastic contact. The discussion then turns to the formation of Hertzian cone cracks in brittle materials, subsurface damage in ductile materials, and the meaning of hardness. The author concludes with an overview of practical methods of indentation. 
650 0 |a Mechanics. 
650 0 |a Mechanics, Applied. 
650 0 |a Fluid mechanics. 
650 0 |a Mechanical engineering. 
650 1 4 |a Theoretical and Applied Mechanics.  |0 https://scigraph.springernature.com/ontologies/product-market-codes/T15001 
650 2 4 |a Engineering Fluid Dynamics.  |0 https://scigraph.springernature.com/ontologies/product-market-codes/T15044 
650 2 4 |a Mechanical Engineering.  |0 https://scigraph.springernature.com/ontologies/product-market-codes/T17004 
650 2 4 |a Classical Mechanics.  |0 https://scigraph.springernature.com/ontologies/product-market-codes/P21018 
650 2 4 |a Solid Mechanics.  |0 https://scigraph.springernature.com/ontologies/product-market-codes/T15010 
650 2 4 |a Solid Mechanics.  |0 https://scigraph.springernature.com/ontologies/product-market-codes/T15010 
710 2 |a SpringerLink (Online service) 
773 0 |t Springer Nature eBook 
776 0 8 |i Printed edition:  |z 9781441943262 
776 0 8 |i Printed edition:  |z 9780387517407 
776 0 8 |i Printed edition:  |z 9780387681870 
830 0 |a Mechanical Engineering Series,  |x 0941-5122 
856 4 0 |u https://doi.org/10.1007/978-0-387-68188-7 
912 |a ZDB-2-ENG 
912 |a ZDB-2-SXE 
950 |a Engineering (SpringerNature-11647) 
950 |a Engineering (R0) (SpringerNature-43712)